[Event "VIE-ch U13"]
[Site "Hanoi"]
[Date "2022.06.15"]
[Round "7"]
[White "Tran, Nguyen Hoang Lam"]
[Black "Tran, Khai Duy"]
[Result "1/2-1/2"]
[WhiteElo "2346"]
[BlackElo "2369"]
[PlyCount "39"]
[EventDate "2022.06.11"]
[EventType "swiss"]
[EventRounds "9"]
[EventCountry "VIE"]
[SourceTitle "EXT 2023"]
[Source "ChessBase"]
[SourceDate "2022.10.05"]
[SourceVersion "1"]
[SourceVersionDate "2022.10.05"]
[SourceQuality "1"]

1. d4 Nf6 2. c4 g6 3. Nc3 d5 4. Nf3 Bg7 5. g3 0-0 6. Bg2 c6 7. 0-0 b6 8. cxd5 cxd5 9. Bf4 Nbd7 10. Rc1 Bb7 11. Qb3 a6 12. Na4 b5 13. Nc5 Nxc5 14. Rxc5 Nh5 15. Be5 Bxe5 16. Nxe5 e6 17. Rfc1 Rc8 18. Qb4 Rc7 19. Qa5 Rxc5 20. Rxc5 1/2-1/2